000 00535nam a2200193Ia 4500
003 GCL
008 140319s9999 xx 000 0 eng d
040 _aGCL /
_cGCL
082 0 4 _aCH
_b910
_bT G
100 1 _aTEJADA, SUSANMONDSHEIN
245 1 0 _aGEO - WHIZ ! /
_cTEJADA, SUSANMONDSHEIN
700 1 _aHAMILTON, LAURIE ( ART )
260 _a[S.N] :
_bNATIONAL GEAGRAPHIC MAGAZINE ،
_c1988
300 _a104
650 0 4 _aMANNERS AND CUSTOMS
650 0 4 _aGEOGRAPHY- JUVENILE LITERATURE
650 0 4 _aGEOGRAPHY
942 _2ddc
_cBK
999 _c10247
_d10247